Zákon o službách zamestnanosti

Znenie zákona č. 5/2004 Z.z. o službách zamestnanosti, ktorý nahradzuje zákon č. 387/1996 Z.z. o zamestnanosti a podstatným spôsobom mení aj ustanovenia v oblasti zamestnanosti a bezprostredne nadväzuje na zákon o sociálnom poistení a na zákon o orgánoch štátnej správy v oblasti sociálnych vecí, rod...

Description complète

Enregistré dans:
Détails bibliographiques
Auteur principal: Janušová, Mária
Autres auteurs: Hanzelová, Eneke, Kostolná, Zuzana
Format: Chapitre de livre
Langue:slovaque
Sujets:
Tags: Ajouter un tag
Pas de tags, Soyez le premier à ajouter un tag!

MARC

LEADER 00000naa$a2200000$$$4500
001 0007196
005 20231003110504.2
041 0 |a slo 
044 |a SK 
245 1 0 |a Zákon o službách zamestnanosti  |c aut. Mária Janušová, Eneke Hanzelová, Zuzana Kostolná 
520 |a Znenie zákona č. 5/2004 Z.z. o službách zamestnanosti, ktorý nahradzuje zákon č. 387/1996 Z.z. o zamestnanosti a podstatným spôsobom mení aj ustanovenia v oblasti zamestnanosti a bezprostredne nadväzuje na zákon o sociálnom poistení a na zákon o orgánoch štátnej správy v oblasti sociálnych vecí, rodiny a službách zamestnanosti. 
610 2 0 |a zákony 
610 2 0 |a zamestnanosť 
610 2 0 |a služby 
610 2 0 |a poistenie sociálne 
610 2 0 |a správa štátna 
610 2 0 |a Slovensko 
100 1 |a Janušová, Mária 
700 1 |a Hanzelová, Eneke 
700 1 |a Kostolná, Zuzana